The killer eye [

General viewing for all ages (U)

Bibliographic Details
Main Author: Chasen, Richard
Format: Book
Published: s.l : The Kushner Locke Company , 19-
Subjects:

MARC

LEADER 00000cam a2200000 7i4500
001 0000049607
005 20080814.0
090 0 0 |a F   |b KIL 
100 1 |a Chasen, Richard 
245 1 4 |a The killer eye [  |h video compact disc]   |c Richard Chasen 
260 |a s.l :   |b The Kushner Locke Company ,   |c 19- 
300 |a 1 Video compact disc (55 minutes) :   |b col 
500 |a Library has 4 copies 
520 0 |a General viewing for all ages (U) 
650 0 0 |a Movies, English 
999 |a AV 03042   |b VIDEO COMPACT DISC   |c FICTION   |e PERPUSTAKAAN KOMUNITI PETALING JAYA 
999 |a AV 03043   |b VIDEO COMPACT DISC   |c FICTION   |e PERPUSTAKAAN KOMUNITI PETALING JAYA 
999 |a AV 04799   |b VIDEO COMPACT DISC   |c FICTION   |e PERPUSTAKAAN KOMUNITI PETALING JAYA 
999 |a AV 04800   |b VIDEO COMPACT DISC   |c FICTION   |e PERPUSTAKAAN KOMUNITI PETALING JAYA